000 00391nam a22001697a 4500
003 MPLRDC
005 20220104114251.0
008 210129b ||||| |||| 00| 0 eng d
020 _a962-15-0227-6
082 _a424.2 LLL
100 _a梁荔玲
245 _a上班一族化妆入门
_c
260 _a
_b得利书局
_c1992
300 _b
650 _a化妆
942 _cBK
_o424.2 LLL
999 _c6156
_d6146